| 000 | 00333nam a2200109Ia 4500 | ||
|---|---|---|---|
| 008 | 171205s9999 xx 000 0 und d | ||
| 020 | _a9781506351513 | ||
| 100 | _aPopham, W. James | ||
| 245 | 4 | _aThe ABCs of Educational Testing Demystifying the Tools That Shape Our Schools | |
| 260 |
_bSAGE Publications _c2017 |
||
| 300 | _a152 pages | ||
| 999 |
_c347397 _d347397 |
||